Normal view MARC view
  • Maqsood, Najwa

Entry Personal Name

Number of records used in: 1

001 - CONTROL NUMBER

  • control field: 16782

003 - CONTROL NUMBER IDENTIFIER

  • control field: NUST

005 - DATE AND TIME OF LATEST TRANSACTION

  • control field: 20190705052849.0

008 - FIXED-LENGTH DATA ELEMENTS

  • fixed length control field: 190705|| aca||aabn | a|a d

040 ## - CATALOGING SOURCE

  • Original cataloging agency: NUST
  • Transcribing agency: NUST

100 ## - HEADING--PERSONAL NAME

  • Personal name: Maqsood, Najwa

670 ## - SOURCE DATA FOUND

  • Source citation: Work cat.: (NUST): Maqsood, Najwa, Numerical solution for rotating flow of viscoelastic fluid with heat and mass transfer effect /, 2017.
© 2023 Central Library, National University of Sciences and Technology. All Rights Reserved.